Welcome to CU Library Online Public Access Catalogue (OPAC)

General management : (Record no. 9087)

MARC details
000 -LEADER
fixed length control field 00838cam a22002414a 4500
001 - CONTROL NUMBER
control field 12309890
005 - DATE AND TIME OF LATEST TRANSACTION
control field 20260318093651.0
008 - FIXED-LENGTH DATA ELEMENTS--GENERAL INFORMATION
fixed length control field 010214s2002 maua 001 0 eng
020 ## - INTERNATIONAL STANDARD BOOK NUMBER
International Standard Book Number 0072432411
Qualifying information alk. paper
020 ## - INTERNATIONAL STANDARD BOOK NUMBER
International Standard Book Number 9780072432411
Qualifying information (alk. paper)
050 00 - LIBRARY OF CONGRESS CALL NUMBER
Classification number HD31
Item number .G344 2002
082 00 - DEWEY DECIMAL CLASSIFICATION NUMBER
Classification number 658
Edition information 21
100 1# - MAIN ENTRY--PERSONAL NAME
Personal name Garvin, David A.
245 10 - TITLE STATEMENT
Title General management :
Remainder of title processes and action /
Statement of responsibility, etc. David A. Garvin.
260 ## - PUBLICATION, DISTRIBUTION, ETC.
Place of publication, distribution, etc. Boston :
Name of publisher, distributor, etc. McGraw-Hill,
Date of publication, distribution, etc. c2002.
300 ## - PHYSICAL DESCRIPTION
Extent xi, 631 p. :
Other physical details ill. ;
Dimensions 23 cm.
500 ## - GENERAL NOTE
General note Includes index.
650 #0 - SUBJECT ADDED ENTRY--TOPICAL TERM
Topical term or geographic name entry element Industrial management.
650 #0 - SUBJECT ADDED ENTRY--TOPICAL TERM
Topical term or geographic name entry element Industrial management
Form subdivision Case studies.
856 42 - ELECTRONIC LOCATION AND ACCESS
Materials specified Publisher description
Uniform Resource Identifier <a href="http://www.loc.gov/catdir/description/mh021/2001030301.html">http://www.loc.gov/catdir/description/mh021/2001030301.html</a>
856 41 - ELECTRONIC LOCATION AND ACCESS
Materials specified Table of contents
Uniform Resource Identifier <a href="http://www.loc.gov/catdir/toc/mh021/2001030301.html">http://www.loc.gov/catdir/toc/mh021/2001030301.html</a>
942 ## - ADDED ENTRY ELEMENTS (KOHA)
Source of classification or shelving scheme Library of Congress Classification
Koha item type Books
Suppress in OPAC No
999 ## -
-- 9087
-- 9087
Holdings
Withdrawn status Lost status Source of classification or shelving scheme Damaged status Not for loan Collection Home library Current library Shelving location Date acquired Total checkouts Full call number Barcode Date last seen Copy number Price effective from Koha item type
    Library of Congress Classification     Non-fiction Business Library (Miotso) Business Library (Miotso) General stacks 03/18/2026   HD31 .G344 2002 BSSM00002841 03/18/2026 1 03/18/2026 Books
© 2023-2024 Copyright: Central University Libraries. All Rights Reserved | Created by: Mahone Tech Office